| 000 | 00894nam a2200265 i 4500 | ||
|---|---|---|---|
| 001 | 67276 | ||
| 003 | ES-MaACL | ||
| 005 | 20250807221342.0 | ||
| 007 | t| | ||
| 008 | 040517s2003 sp ||||0| spa d | ||
| 020 | _a84-7476-347-9 | ||
| 040 |
_aM-BN _bspa _cM-BN |
||
| 080 | _a316.472.4 | ||
| 245 | 0 | 0 |
_aAnálisis de redes sociales _b: orígenes, teorías y aplicaciones / _c[recopilador], Félix Requena Santos. |
| 250 | _a1ª ed. | ||
| 260 |
_aMadrid : _bCentro de Investigaciones Sociológicas, _c2003. |
||
| 300 |
_aVI, 497 p. : _bgráf. ; _c21 cm. |
||
| 490 | 1 |
_aMonografías ; _v198 |
|
| 504 | _aIncluye referencias bibliográficas. | ||
| 650 | 1 | 4 |
_aRedes sociales. _916714 |
| 700 | 1 |
_aRequena Santos, Félix _996308 |
|
| 830 | 0 | 0 |
_aMonografías (Centro de Estudios Benaventanos "Ledo del Pozo") _v198 _9177262 |
| 852 |
_aES-MaACL _jL-27542 _bR.133297 |
||
| 999 |
_c67276 _d67276 |
||